| 000 | 00684cab a2200253 4500 | ||
|---|---|---|---|
| 001 | X185 | ||
| 008 | 090401t1992 xxu||||| |||| 00| 0 eng d | ||
| 035 | _a(Sirsi) u64294 | ||
| 041 | _aeng | ||
| 100 | _aHatcher, J. | ||
| 245 | _aLease incentives and capital valuation methodology | ||
| 260 | _c1992 | ||
| 350 | _a0 | ||
| 490 |
_aValuer and Land Economist _v32(2) May 1992, 114-143(5) |
||
| 650 | _aAUSTRALIA | ||
| 650 | _aCAPITAL VALUE METHODOLOGY | ||
| 650 | _aCAPITAL VALUES | ||
| 650 | _aLEASES | ||
| 650 | _aLEASING INCENTIVES | ||
| 690 | _aPROPERTY-PROPERTY FINANCE AND INVESTMENT | ||
| 690 | _aPROPERTY-LANDLORD AND TENANT | ||
| 942 | _n0 | ||
| 948 | _c04/03/1997 | ||
| 999 |
_c40035 _d40035 |
||